000 00649nam a2200265Ia 4500
005 20260121171231.0
008 008 260114s9999 xx 000 0 eng d
020 _a9783030204730
037 _aEBOOK
040 _aCRL
040 _beng
040 _cCRL
041 _2eng
041 _aeng
084 _qCRL
100 _aHasan Ayaz
_91073695
245 0 _aAdvances in Neuroergonomics and Cognitive Engineering
260 _bSpringer
260 _bSpringer
260 _c2020
856 _uhttps://link.springer.com/openurl?genre=book&isbn=978-3-030-20473-0
942 _cEBOOK
999 _c1639425
_d1639425